000 00702nam a2200205Ii 4500
003 JO-AjNU
008 230605s9999||||xx |||||||||||||| ||und||
040 _aJO-AjNU
_bara
_erda
_cJO-AjNU
041 _aara
050 1 4 _aBF575.1962
100 3 _aفرويد، سيجموند؛ نجاتي، محمد عثمان مترجم,
_eauthor
_937282
245 0 0 _aالقلق
250 _aط2
264 3 1 _aالقاهرة:دار النهضة العربية ،1962
300 _a214ص
_bقاموس المصطلحات من ص199-ص203 ، دليل من ص 204-214
336 _atext
_btxt
_2rdacontent
337 _aunmediated
_bn
_2rdamedia
338 _avolume
_bnc
_2rdacarrier
650 4 _aالقلق
_937283
999 _aA15564
_c19132
_d19132